| 000 | 00654nam a22002052 4500 | ||
|---|---|---|---|
| 001 | 0000023691 | ||
| 005 | 20151217152246.0 | ||
| 008 | 130318s xx 000 0 eng d | ||
| 020 | _a0821367412 : | ||
| 040 |
_aKABU _cKABU |
||
| 245 | 1 | 0 |
_aEnhancing agricultural innovation : _bhow to go beyond th strengthening of research systems. |
| 250 | _a1st ed. | ||
| 260 |
_aWashington, DC : _bThe world bank, _c2006. |
||
| 300 | _axxvi, 157 p. | ||
| 650 | 0 |
_aAgricultural innovations _vCase studies. _@0000166910 |
|
| 650 | 0 |
_aWorld Bank. _@0000152532 |
|
| 852 | 1 | _9p2200 KES | |
| 908 | _a130318 | ||
| 950 | _@1 | ||
| 999 |
_c9932 _d9932 |
||